[Event "Titled Tuesday intern op 21st Mar Early"]
[Site "Chess.com INT"]
[Date "2023.03.21"]
[Round "1"]
[White "Jimenez Jimenez, Leandro"]
[Black "Galchenko, Matvey"]
[Result "0-1"]
[WhiteElo "2157"]
[BlackElo "2442"]
[PlyCount "166"]
[EventDate "2023.03.21"]
[EventType "swiss (blitz)"]
[EventRounds "11"]
[EventCountry "USA"]
[SourceTitle "EXT 2024"]
[Source "ChessBase"]
[SourceDate "2023.10.10"]
[SourceVersion "1"]
[SourceVersionDate "2023.10.10"]
[SourceQuality "1"]

1. d4 d5 2. c4 e6 3. Nc3 c6 4. Nf3 dxc4 5. a4 Bb4 6. e3 b5 7. Bd2 a5 8. axb5 Bxc3 9. Bxc3 cxb5 10. b3 Bb7 11. bxc4 b4 12. Bb2 Nf6 13. Bd3 Nbd7 14. 0-0 0-0 15. Nd2 Qc7 16. Qe2 a4 17. d5 exd5 18. Rac1 Qd6 19. cxd5 Qxd5 20. e4 Qg5 21. f4 Qg4 22. Qxg4 Nxg4 23. Rc7 Rfd8 24. Rxb7 Nc5 25. Rxb4 Nxd3 26. Rb7 a3 27. Ba1 Ne3 28. Rfb1 a2 29. R1b3 Nc2 30. Bc3 a1Q+ 31. Bxa1 Rxa1+ 32. Rb1 Nc5 33. Rxa1 Nxb7 34. Rb1 Nc5 35. e5 h5 36. Nf3 Ne3 37. h3 Nd3 38. Rb7 Nxf4 39. Ng5 Nfxg2 40. Nxf7 Re8 41. Kf2 h4 42. Kf3 Ra8 43. e6 Re8 44. Ng5 Rf8+ 45. Ke4 Nc4 46. Kd5 Nge3+ 47. Kd4 Rd8+ 48. Ke4 Nd6+ 49. Kxe3 Nxb7 50. Kf4 Re8 51. Kg4 Nd8 52. Kf5 Nxe6 53. Nxe6 Kf7 54. Ng5+ Ke7 55. Kg4 Rh8 56. Nf3 Kf6 57. Nxh4 Ra8 58. Nf3 Ra4+ 59. Kg3 Kf5 60. Nh4+ Ke4 61. Ng6 Kf5 62. Nh4+ Kg5 63. Nf3+ Kh5 64. Nh2 Ra3+ 65. Nf3 Rb3 66. Kg2 Kg6 67. Kg3 Kf5 68. Kf2 Kf4 69. Ng1 Rb2+ 70. Ne2+ Ke4 71. Ke1 Ke3 72. Nc1 Rh2 73. Kd1 Rxh3 74. Kc2 g5 75. Nb3 g4 76. Nc5 g3 77. Ne6 g2 78. Ng5 Rg3 79. Nh3 Rxh3 80. Kb3 g1Q 81. Ka4 Qb1 82. Ka3 Rh2 83. Ka4 Ra2# 0-1